000 00577nam a2200193Ia 4500
005 20250508151124.0
008 008 250505s9999 xx 000 0 eng d
037 _aTextual
040 _aFEDL
_beng
_cFEDL
041 _aeng
_2eng
084 _a301.15, SHE
_qFEDL
100 _aMuzafer Sherif
245 0 _aGroups in harmony and tension : An integration of studies on intergroup relations
260 _aNew York, USA
_bHarper and Brothers
_c1953
300 _axiii,316p.
650 _aSociology
942 _cTEXL
_h301.15, SHE
999 _c1327715
_d1327715